| 000 | 01021nam a2200229Ia 4500 | ||
|---|---|---|---|
| 001 | 11287 | ||
| 003 | GE_BSU | ||
| 008 | 181216s||||||||xx |||||||||||||| ||und|| | ||
| 040 | _cGE_BSU | ||
| 080 | _a63(075.32) | ||
| 100 | _aქვირია ა. | ||
| 245 | _aსასოფლო-სამეურნეო მეტეოროლოგიისა და კლიმატოლოგიის საფუძვლები | ||
| 245 | _bსახელმძღვ. სას-სამ ტექნიკუმების მოსწავლეთათვის | ||
| 245 | _cრედ: ე. ჯიქია | ||
| 260 | _aთბილისი. | ||
| 260 | _bგანათლება. | ||
| 260 | _c1981 | ||
| 300 | _a270გვ.22სმ. | ||
| 300 | _eდანართები გვ.254-256 | ||
| 653 | _aსასოფლო-სამეურნეო მეტეოროლოგიისა და კლიმატოლოგიის საფუძვლები | ||
| 942 | _cBK | ||
| 999 |
_c44489 _d44489 |
||